| 000 | 00875nam a2200205 a 4500 | ||
|---|---|---|---|
| 003 | 0 | ||
| 005 | 20250513111236.0 | ||
| 008 | 021107s19uu xx 00 eng d | ||
| 050 |
_aPGS LB 1049.5 _b.C346 2002 |
||
| 100 | _aCastañeda, Joan Paola Navarro. | ||
| 245 |
_aThe perception on the disturbance of the cable television shows on the study habits of grade six students of Southville International School School Year. 2001 -2002. _cJoan Paola Navarro Castañeda. |
||
| 260 |
_aLas Piñas City, Philippines : _bSouthville International School and Colleges, _c2002. |
||
| 300 |
_a30 pages : _billustrations ; _c28 cm. |
||
| 504 | _aIncludes bibliographical references. | ||
| 650 | _aTelevision and children. | ||
| 650 |
_aTelevision _vPsychological aspects.. |
||
| 650 | _aStudy habits. | ||
| 650 |
_aAcademic achievement _vInfluence of television. |
||
| 942 |
_2lcc _cPASS |
||
| 999 |
_c96609 _d96609 |
||